Methods for assessment of fish production in fresh waters
Αποθηκεύτηκε σε:
| Άλλοι συγγραφείς: | |
|---|---|
| Μορφή: | Βιβλίο |
| Γλώσσα: | English |
| Δημοσίευση: |
Oxford :
Blackwell Scientific,
1978
|
| Έκδοση: | 3rd ed. |
| Σειρά: | IBP handbook
|
| Θέματα: | |
| Ετικέτες: |
Προσθήκη ετικέτας
Δεν υπάρχουν, Καταχωρήστε ετικέτα πρώτοι!
|
MARC
| LEADER | 00000nam a2200000 i 4500 | ||
|---|---|---|---|
| 001 | 1/77326 | ||
| 008 | 960529s1978 eng d | ||
| 020 | |a 0-632-00125-9 | ||
| 035 | |l 10004246 | ||
| 040 | |a GR-MY-UA |b gre |e aacr | ||
| 041 | 0 | |a eng | |
| 082 | 0 | |a 597.052632 | |
| 245 | 1 | 0 | |a Methods for assessment of fish production in fresh waters / |c Edited by Timothy Bagenal |
| 250 | |a 3rd ed. | ||
| 260 | |a Oxford : |b Blackwell Scientific, |c 1978 | ||
| 300 | |a xv, 365 σ.; |b εικ.; |c 22 εκ. | ||
| 490 | 1 | |a International biological programme |v ; 3 | |
| 650 | 0 | 0 | |a Freshwater fishes |x Environmental aspects. |
| 650 | 0 | 0 | |a Freshwater productivity. |
| 700 | 1 | |a Bagenal, T. B. |4 edt | |
| 830 | 0 | |a IBP handbook | |
| 852 | |a INST |b LESVOS |e 19960529 |h 597.052632 MET |p 005100010091 |q 005100010091 |t BK |y 0 | ||
| 909 | |a Λ |b 005277 | ||